<?xml version="1.0" encoding="UTF-8"?><?xml-stylesheet type="text/xsl" href="static/style.xsl"?><OAI-PMH xmlns="http://www.openarchives.org/OAI/2.0/" xmlns:xsi="http://www.w3.org/2001/XMLSchema-instance" xsi:schemaLocation="http://www.openarchives.org/OAI/2.0/ http://www.openarchives.org/OAI/2.0/OAI-PMH.xsd"><responseDate>2026-06-05T13:09:49Z</responseDate><request verb="GetRecord" identifier="oai:riuma.uma.es:10630/36956" metadataPrefix="marc">https://riuma.uma.es/rest/oai/request</request><GetRecord><record><header><identifier>oai:riuma.uma.es:10630/36956</identifier><datestamp>2026-02-03T10:49:45Z</datestamp><setSpec>com_10630_2254</setSpec><setSpec>col_10630_37953</setSpec></header><metadata><record xmlns="http://www.loc.gov/MARC21/slim" xmlns:dcterms="http://purl.org/dc/terms/" xmlns:doc="http://www.lyncode.com/xoai" xmlns:xsi="http://www.w3.org/2001/XMLSchema-instance" xsi:schemaLocation="http://www.loc.gov/MARC21/slim http://www.loc.gov/standards/marcxml/schema/MARC21slim.xsd">
   <leader>00925njm 22002777a 4500</leader>
   <datafield ind2=" " ind1=" " tag="042">
      <subfield code="a">dc</subfield>
   </datafield>
   <datafield ind2=" " ind1=" " tag="720">
      <subfield code="a">Rodríguez-Pérez, Carlos</subfield>
      <subfield code="e">author</subfield>
   </datafield>
   <datafield ind2=" " ind1=" " tag="720">
      <subfield code="a">Paniagua-Rojano, Francisco Javier</subfield>
      <subfield code="e">author</subfield>
   </datafield>
   <datafield ind2=" " ind1=" " tag="720">
      <subfield code="a">Magallón Sosa, Raúl</subfield>
      <subfield code="e">author</subfield>
   </datafield>
   <datafield ind2=" " ind1=" " tag="260">
      <subfield code="c">2021-03-03</subfield>
   </datafield>
   <datafield ind2=" " ind1=" " tag="520">
      <subfield code="a">Fact-checking alliances emerged worldwide to debunk political disinformation in electoral contexts because of social concerns related to information authenticity. This study, thus, included the Latin American context in fact-checking journalism studies as a journalistic practice to fight political disinformation. Through analyzing RedCheq, the first fact-checking journalism alliance in an electoral regional context led by Colombiacheck, 11 in-depth interviews were conducted to identify the perceptions of regional fact-checkers regarding the usefulness of this journalistic practice, its achievements, and the key aspects for incorporating fact-checking into the regional media ecosystem. The study results revealed that RedCheq achieved the goal of fighting disinformation, and that fact-checking developed as transformational leverage for the regional media. Regional journalists perceived fact-checking as an element that restores credibility and social trust in regional media as the epistemology of this journalistic practice neglects the power pressure and dissemination of official narratives. Finally, this study highlighted how fact-checking journalism contributes to the democratic quality and civic empowerment in silenced and polarized environments. In addition, it discussed the need to expand fact-checking journalism’s coverage to new geographical areas and improve journalists’ professional competencies and training, thereby enabling them to function as using verification tools based on regional journalists’ requirements.</subfield>
   </datafield>
   <datafield ind1="8" ind2=" " tag="024">
      <subfield code="a">Rodríguez-Pérez, C., Paniagua-Rojano, F. J., &amp; Magallón-Rosa, R. (2021). Debunking political disinformation through journalists’ perceptions: An analysis of Colombia’s fact-checking news practices. Media and Communication, 9(1), 264-275.</subfield>
   </datafield>
   <datafield ind1="8" ind2=" " tag="024">
      <subfield code="a">https://hdl.handle.net/10630/36956</subfield>
   </datafield>
   <datafield ind1="8" ind2=" " tag="024">
      <subfield code="a">10.17645/mac.v9i1.3374</subfield>
   </datafield>
   <datafield tag="653" ind2=" " ind1=" ">
      <subfield code="a">Periodismo político</subfield>
   </datafield>
   <datafield ind2="0" ind1="0" tag="245">
      <subfield code="a">Debunking Political Disinformation through Journalists’ Perceptions: An Analysis of Colombia’s Fact-Checking News Practices</subfield>
   </datafield>
</record>
</metadata></record></GetRecord></OAI-PMH>